Statistics for Premier League 2022/23 Players by Name - O

Click here to take the quiz!

General Stats

  • This quiz has been taken 45 times
  • The average score is 8 of 13

Answer Stats

ClubNationPositionPlayer% Correct
ArsenalNorwayMFMartin Odegaard
100%
Aston VillaSwedenGKRobin Olsen
88%
West Ham UnitedItalyDFAngelo Ogbonna
76%
EvertonBelgiumMFAmadou Onana
74%
Manchester CityGermanyGKStefan Ortega
71%
Crystal PalaceFranceFWMichael Olise
68%
SouthamptonCroatiaFWMislav Orsic
59%
LiverpoolEnglandMFAlex Oxlade-Chamberlain
56%
Nottingham ForestEnglandMFLewis O'Brien
44%
BrentfordNigeriaMFFrank Onyeka
41%
BournemouthBurkina FasoFWDango Ouattara
35%
SouthamptonNigeriaFWPaul Onuachu
35%
Crystal PalaceSpainMFDavid Ozoh
3%

Score Distribution

Percentile by Number Answered

Percent of People with Each Score

Your Score History

You have not taken this quiz